000 00724nam a2200289Ia 4500
008 180803s9999 xx 000 0 und d
020 _a9780439574624
050 _bM169 2003
100 _aMcNamara, Margaret
245 0 _aOne hundred days (plus one) /
245 0 _cby Margaret McNamara ; illustrated by Mike Gordon.
260 _aNew York, New York :
260 _bScholastic,
260 _c2003
300 _a32 pages :
300 _bcolored ;
300 _c23cm.
440 _aRobin Hill school.
500 _a430
650 _aButtons.
650 _aCounting.
650 _aHundredth day of school.
650 _aSchools.
700 _aGordon, Mike.
700 _aSeries.
700 _aTitle.
999 _c358306
_d358306